Most Valuable Football Clubs - Statistics

General Stats
  • This quiz has been taken 31 times
  • The average score is 17 of 20
Answer Stats
Value ($mil) Club % Correct
4,064 Barcelona
100%
3,063 Bayern Munich
100%
2,474 Manchester City
100%
4,123 Manchester United
100%
4,088 Real Madrid
100%
2,238 Arsenal
97%
2,062 Chelsea
97%
1,472 Juventus
97%
1,944 Liverpool
97%
1,237 Tottenham Hotspur
97%
901 Borussia Dortmund
93%
618 AS Roma
90%
917 Paris St. Germain
90%
612 AC Milan
86%
606 Inter Milan
86%
848 Atlético Madrid
83%
471 Napoli
62%
754 West Ham United
52%
707 Schalke 04
48%
500 Leicester City
34%
No matching quizzes found
Score Distribution
Percent of People with Each Score
Percentile by Number Answered
Your Score History
You have not taken this quiz